<?xml version="1.0" encoding="UTF-8"?>
<record
    xmlns:xsi="http://www.w3.org/2001/XMLSchema-instance"
    xsi:schemaLocation="http://www.loc.gov/MARC21/slim http://www.loc.gov/standards/marcxml/schema/MARC21slim.xsd"
    xmlns="http://www.loc.gov/MARC21/slim">

  <leader>03146ngm a2200481   4500</leader>
  <controlfield tag="003">dpl</controlfield>
  <controlfield tag="005">20100319142359.0</controlfield>
  <controlfield tag="007">DVD </controlfield>
  <controlfield tag="008">||||||sp199   xxu|||||c |||  00| 0 ng d </controlfield>
  <datafield tag="010" ind1=" " ind2=" ">
    <subfield code="a">DVD-007017-7025</subfield>
  </datafield>
  <datafield tag="024" ind1=" " ind2=" ">
    <subfield code="c">49.00</subfield>
    <subfield code="a">SHE 1023 F2</subfield>
  </datafield>
  <datafield tag="035" ind1=" " ind2=" ">
    <subfield code="a">DVD-007017-7025</subfield>
  </datafield>
  <datafield tag="040" ind1=" " ind2=" ">
    <subfield code="a">DPL</subfield>
    <subfield code="c">DPL</subfield>
  </datafield>
  <datafield tag="082" ind1=" " ind2=" ">
    <subfield code="a">DVD AGHA</subfield>
  </datafield>
  <datafield tag="245" ind1=" " ind2=" ">
    <subfield code="a">Aghaat</subfield>
    <subfield code="c">Neo Film Presents</subfield>
    <subfield code="h">[videorecording] VCD/</subfield>
  </datafield>
  <datafield tag="260" ind1=" " ind2=" ">
    <subfield code="b">Shemaroo Home Entertainment</subfield>
  </datafield>
  <datafield tag="300" ind1=" " ind2=" ">
    <subfield code="a">2 videodisc VCD; </subfield>
    <subfield code="b">sd., col. ;</subfield>
    <subfield code="c">4 3/4 in.</subfield>
    <subfield code="f">VCD</subfield>
  </datafield>
  <datafield tag="440" ind1=" " ind2=" ">
    <subfield code="a">Shemaroo Home Entertainment</subfield>
  </datafield>
  <datafield tag="500" ind1=" " ind2=" ">
    <subfield code="a">This title is completed with 2 disc.  Not to be sold individually</subfield>
  </datafield>
  <datafield tag="500" ind1=" " ind2=" ">
    <subfield code="a">Thios is a Video Cd with Digital Audio. full Motion and Play Back Control suitable for Video CD Players and Multimedia Pcs with     M PEG cards.</subfield>
  </datafield>
  <datafield tag="538" ind1=" " ind2=" ">
    <subfield code="a">Dolby Digital 5.1 - Hindi Subtitles: English</subfield>
  </datafield>
  <datafield tag="538" ind1=" " ind2=" ">
    <subfield code="a">NTSC Format-All Regions, 16x9 Anamorphic (2:23.1 Aspect Ratio), Dual Layer</subfield>
  </datafield>
  <datafield tag="650" ind1=" " ind2=" ">
    <subfield code="a">Motion Picture</subfield>
  </datafield>
  <datafield tag="700" ind1=" " ind2=" ">
    <subfield code="a">Shetty, Manmohan</subfield>
  </datafield>
  <datafield tag="700" ind1=" " ind2=" ">
    <subfield code="a">Upoor, Pradeep</subfield>
  </datafield>
  <datafield tag="700" ind1=" " ind2=" ">
    <subfield code="a">Nihlani, Govind</subfield>
  </datafield>
  <datafield tag="700" ind1=" " ind2=" ">
    <subfield code="a">Varman, Ajit</subfield>
  </datafield>
  <datafield tag="700" ind1=" " ind2=" ">
    <subfield code="a">Puri, Om</subfield>
  </datafield>
  <datafield tag="700" ind1=" " ind2=" ">
    <subfield code="a">Sahi, Deepa</subfield>
  </datafield>
  <datafield tag="700" ind1=" " ind2=" ">
    <subfield code="a">Shah, Naseeruddin</subfield>
  </datafield>
  <datafield tag="700" ind1=" " ind2=" ">
    <subfield code="a">Amrapurkar, Sadashiv</subfield>
  </datafield>
  <datafield tag="942" ind1=" " ind2=" ">
    <subfield code="c">CF</subfield>
    <subfield code="2">ddc</subfield>
    <subfield code="h">DVD</subfield>
    <subfield code="m">AGHA</subfield>
  </datafield>
  <datafield tag="999" ind1=" " ind2=" ">
    <subfield code="c">34793</subfield>
    <subfield code="d">34793</subfield>
  </datafield>
  <datafield tag="952" ind1=" " ind2=" ">
    <subfield code="0">0</subfield>
    <subfield code="1">0</subfield>
    <subfield code="2">ddc</subfield>
    <subfield code="4">0</subfield>
    <subfield code="7">0</subfield>
    <subfield code="a">L</subfield>
    <subfield code="b">L</subfield>
    <subfield code="d">2010-03-19</subfield>
    <subfield code="e">Pioneers/1110/30-12-09/325/13-10-09 /30-12-09 </subfield>
    <subfield code="g">49.00</subfield>
    <subfield code="l">17</subfield>
    <subfield code="o">DVD AGHA</subfield>
    <subfield code="p">DVD-007017</subfield>
    <subfield code="r">2018-02-17 00:00:00</subfield>
    <subfield code="s">2018-02-16</subfield>
    <subfield code="t">1</subfield>
    <subfield code="v">49.00</subfield>
    <subfield code="w">2010-03-19</subfield>
    <subfield code="y">CF</subfield>
  </datafield>
  <datafield tag="952" ind1=" " ind2=" ">
    <subfield code="0">0</subfield>
    <subfield code="1">0</subfield>
    <subfield code="2">ddc</subfield>
    <subfield code="4">0</subfield>
    <subfield code="7">0</subfield>
    <subfield code="a">BL1</subfield>
    <subfield code="b">BL1</subfield>
    <subfield code="d">2010-03-19</subfield>
    <subfield code="e">Pioneers/1110/30-12-09/325/13-10-09 /30-12-09 </subfield>
    <subfield code="g">49.00</subfield>
    <subfield code="l">3</subfield>
    <subfield code="o">DVD AGHA</subfield>
    <subfield code="p">DVD-007018</subfield>
    <subfield code="r">2011-03-28 00:00:00</subfield>
    <subfield code="s">2011-03-17</subfield>
    <subfield code="t">1</subfield>
    <subfield code="v">49.00</subfield>
    <subfield code="w">2010-03-19</subfield>
    <subfield code="y">CF</subfield>
  </datafield>
  <datafield tag="952" ind1=" " ind2=" ">
    <subfield code="0">0</subfield>
    <subfield code="1">0</subfield>
    <subfield code="2">ddc</subfield>
    <subfield code="4">0</subfield>
    <subfield code="7">0</subfield>
    <subfield code="a">JP</subfield>
    <subfield code="b">JP</subfield>
    <subfield code="d">2010-03-19</subfield>
    <subfield code="e">Pioneers/1110/30-12-09/325/13-10-09 /30-12-09 </subfield>
    <subfield code="g">49.00</subfield>
    <subfield code="l">12</subfield>
    <subfield code="m">1</subfield>
    <subfield code="o">DVD AGHA</subfield>
    <subfield code="p">DVD-007019</subfield>
    <subfield code="r">2013-09-19 00:00:00</subfield>
    <subfield code="s">2013-09-05</subfield>
    <subfield code="t">1</subfield>
    <subfield code="v">49.00</subfield>
    <subfield code="w">2010-03-19</subfield>
    <subfield code="y">CF</subfield>
  </datafield>
  <datafield tag="952" ind1=" " ind2=" ">
    <subfield code="0">0</subfield>
    <subfield code="1">0</subfield>
    <subfield code="2">ddc</subfield>
    <subfield code="4">0</subfield>
    <subfield code="7">0</subfield>
    <subfield code="a">ZLS</subfield>
    <subfield code="b">ZLS</subfield>
    <subfield code="d">2010-03-19</subfield>
    <subfield code="e">Pioneers/1110/30-12-09/325/13-10-09 /30-12-09 </subfield>
    <subfield code="g">49.00</subfield>
    <subfield code="l">13</subfield>
    <subfield code="o">DVD AGHA</subfield>
    <subfield code="p">DVD-007020</subfield>
    <subfield code="r">2015-07-25 00:00:00</subfield>
    <subfield code="s">2015-07-13</subfield>
    <subfield code="t">1</subfield>
    <subfield code="v">49.00</subfield>
    <subfield code="w">2010-03-19</subfield>
    <subfield code="y">CF</subfield>
  </datafield>
  <datafield tag="952" ind1=" " ind2=" ">
    <subfield code="0">0</subfield>
    <subfield code="1">0</subfield>
    <subfield code="2">ddc</subfield>
    <subfield code="4">0</subfield>
    <subfield code="7">0</subfield>
    <subfield code="a">RKP</subfield>
    <subfield code="b">RKP</subfield>
    <subfield code="d">2010-03-19</subfield>
    <subfield code="e">Pioneers/1110/30-12-09/325/13-10-09 /30-12-09 </subfield>
    <subfield code="g">49.00</subfield>
    <subfield code="l">0</subfield>
    <subfield code="o">DVD AGHA</subfield>
    <subfield code="p">DVD-007021</subfield>
    <subfield code="r">2010-03-19 00:00:00</subfield>
    <subfield code="t">1</subfield>
    <subfield code="v">49.00</subfield>
    <subfield code="w">2010-03-19</subfield>
    <subfield code="y">CF</subfield>
  </datafield>
  <datafield tag="952" ind1=" " ind2=" ">
    <subfield code="0">0</subfield>
    <subfield code="1">0</subfield>
    <subfield code="2">ddc</subfield>
    <subfield code="4">0</subfield>
    <subfield code="7">0</subfield>
    <subfield code="a">VP</subfield>
    <subfield code="b">VP</subfield>
    <subfield code="d">2010-03-19</subfield>
    <subfield code="e">Pioneers/1110/30-12-09/325/13-10-09 /30-12-09 </subfield>
    <subfield code="g">49.00</subfield>
    <subfield code="l">1</subfield>
    <subfield code="o">DVD AGHA</subfield>
    <subfield code="p">DVD-007022</subfield>
    <subfield code="r">2010-10-04 00:00:00</subfield>
    <subfield code="s">2010-10-01</subfield>
    <subfield code="t">1</subfield>
    <subfield code="v">49.00</subfield>
    <subfield code="w">2010-03-19</subfield>
    <subfield code="y">CF</subfield>
  </datafield>
  <datafield tag="952" ind1=" " ind2=" ">
    <subfield code="0">0</subfield>
    <subfield code="1">0</subfield>
    <subfield code="2">ddc</subfield>
    <subfield code="4">0</subfield>
    <subfield code="7">0</subfield>
    <subfield code="a">BL3</subfield>
    <subfield code="b">BL3</subfield>
    <subfield code="d">2010-03-19</subfield>
    <subfield code="e">Pioneers/1110/30-12-09/325/13-10-09 /30-12-09 </subfield>
    <subfield code="g">49.00</subfield>
    <subfield code="l">9</subfield>
    <subfield code="o">DVD AGHA</subfield>
    <subfield code="p">DVD-007023</subfield>
    <subfield code="r">2014-11-22 00:00:00</subfield>
    <subfield code="s">2014-11-18</subfield>
    <subfield code="t">1</subfield>
    <subfield code="v">49.00</subfield>
    <subfield code="w">2010-03-19</subfield>
    <subfield code="y">CF</subfield>
  </datafield>
  <datafield tag="952" ind1=" " ind2=" ">
    <subfield code="0">0</subfield>
    <subfield code="1">0</subfield>
    <subfield code="2">ddc</subfield>
    <subfield code="4">0</subfield>
    <subfield code="7">0</subfield>
    <subfield code="a">NR</subfield>
    <subfield code="b">NR</subfield>
    <subfield code="d">2010-03-19</subfield>
    <subfield code="e">Pioneers/1110/30-12-09/325/13-10-09 /30-12-09 </subfield>
    <subfield code="g">49.00</subfield>
    <subfield code="l">3</subfield>
    <subfield code="o">DVD AGHA</subfield>
    <subfield code="p">DVD-007024</subfield>
    <subfield code="r">2014-10-29 00:00:00</subfield>
    <subfield code="s">2014-10-11</subfield>
    <subfield code="t">1</subfield>
    <subfield code="v">49.00</subfield>
    <subfield code="w">2010-03-19</subfield>
    <subfield code="y">CF</subfield>
  </datafield>
  <datafield tag="952" ind1=" " ind2=" ">
    <subfield code="0">0</subfield>
    <subfield code="1">0</subfield>
    <subfield code="2">ddc</subfield>
    <subfield code="4">0</subfield>
    <subfield code="7">0</subfield>
    <subfield code="a">BL4</subfield>
    <subfield code="b">BL4</subfield>
    <subfield code="d">2010-03-19</subfield>
    <subfield code="e">Pioneers/1110/30-12-09/325/13-10-09 /30-12-09 </subfield>
    <subfield code="g">49.00</subfield>
    <subfield code="l">0</subfield>
    <subfield code="o">DVD AGHA</subfield>
    <subfield code="p">DVD-007025</subfield>
    <subfield code="r">2010-03-19 00:00:00</subfield>
    <subfield code="t">1</subfield>
    <subfield code="v">49.00</subfield>
    <subfield code="w">2010-03-19</subfield>
    <subfield code="y">CF</subfield>
  </datafield>
</record>
